Normale Ansicht
MARC-Ansicht
Eintrag Körperschaftsname
001 - Kontrollnummer
- Kontrollfeld: 61327
003 - Kontrollnummer Identifier
- Kontrollfeld: RU-10907106
005 - Datum und Zeit der letzten Transaktion
- Kontrollfeld: 20240227190811.0
008 - Datenelemente mit fester Länge
- Kontrollfeld mit fester Länge: 240227|| aca||aabn | a|a d
040 ## - Katalogisierungsquelle
- Original-Katalogisierungsstelle: RU-10907106
- Übertragungsstelle: RU-10907106
110 ## - Ansetzung - Körperschaftsname
- Körperschafts- oder Gebietskörperschaftsname als Eintragungselement: Akademie für Politische Bildung (Tutzing)
670 ## - Datenquelle
- Quellenangabe: Work cat.: (RU-10907106)70446: Diskriminierung von Christen in den 1960er Jahren der DDR (Veranstaltung) 2021 Jena Verfasser (DE-588)1295938014 aut 61325, Verfolgung - Diskriminierung - Emanzipation